000 00708nam a2200205Ii 4500
003 JO-AjNU
008 230605s9999||||xx |||||||||||||| ||und||
040 _aJO-AjNU
_bara
_erda
_cJO-AjNU
041 _aara
050 1 4 _aBP170.85 1992
100 3 _aالطوير، حسن مسعود,
_eauthor
_917705
245 0 0 _aالدعوة الى الله تعالى على ضوء الكتاب والسنة
250 _aط1
264 3 1 _aبيروت-دمشق: دار قتيبة للطباعة والنشر والتوزيع، 1992
300 _a208ص
336 _atext
_btxt
_2rdacontent
337 _aunmediated
_bn
_2rdamedia
338 _avolume
_bnc
_2rdacarrier
650 4 _aالدعوة الاسلامية
_917706
999 _aA5527
_c9095
_d9095